Santa Cruz de Guanacaste: pruebas documentales sobre el origen del nombre, fundadores y lugar escogido (Registro nro. 4626)

Detalles MARC
000 -CABECERA
campo de control de longitud fija 00600aam a2200205 4500
005 - FECHA Y HORA DE ACTUALIZACIÓN
campo de control 20161201151340.0
008 - LONGITUD FIJA
campo de control de longitud fija 150415b xxu||||| |||| 00| 0 spa d
041 ## - IDIOMA
Código de idioma del texto/pista de sonido o título separado
082 ## - CLASIFICACIÓN DECIMAL DEWEY
Número de clasificación 972.866 I24s
100 ## - AUTOR PERSONAL
Nombre de persona Iglesias Inigo, José Marcos
245 ## - TÍTULO PROPIAMENTE DICHO
Título Santa Cruz de Guanacaste: pruebas documentales sobre el origen del nombre, fundadores y lugar escogido
260 ## - PIE DE IMPRENTA
Lugar de publicación, distribución, etc. Costa Rica
Fecha de publicación, distribución, etc. 2006
300 ## - DESCRIPCIÓN FÍSICA
Extensión 198 páginas
650 ## - Materia General
Materia general COSTA RICA
650 ## - Materia General
Materia general SANTA CRUZ
650 ## - Materia General
Materia general GUANACASTE
650 ## - Materia General
Materia general HISTORIA
650 ## - Materia General
Materia general COSTUMBRES
942 ## - Punto de Acceso Adicional Koha
Tipo de ítem Koha Libro

No hay ítems disponibles.